000 00449nam a2200181Ia 4500
008 230524s9999 xx 000 0 und d
020 _a9788181289537
082 _bDU
100 _aK.L.Du
_942084
245 0 _aNeural Network in softcomputing Framework
250 _a1
260 _aNew Delhi
_bSpringer
_c2008
300 _a"XXI,545p;"
500 _aQuantity Number: 1
650 _aComp-Sc
700 _aM.N.S. Swamy
_942085
942 _cBK
999 _c56494
_d56494